Panelová sídliště = Plattenbausiedlungen : Revitalizace vs. ochrana hodnot = Revitalisierung vs. Bewahrung der Werte /

Saved in:
Bibliographic Details
Other Authors: Svoboda, Petr (Editor), Šolc, Martin (Editor)
Format: Book
Language:Czech
German
Published: Brno : Národní památkový ústav, 2019
Edition:1. vydanie
Subjects:
Tags: Add Tag
No Tags, Be the first to tag this record!

MARC

LEADER 00000nam a22000003a 4500
001 0079377
003 SK-STU
005 20200114094345.0
007 ta
008 200114s ----xo-----e------000-0-----d
020 |a 978-80-7480-134-1 
040 |a STU  |b slo 
041 0 |a cze  |a ger 
044 |a xr 
100 1 |a Svoboda, Petr  |4 edt 
245 1 0 |a Panelová sídliště = Plattenbausiedlungen :  |b Revitalizace vs. ochrana hodnot = Revitalisierung vs. Bewahrung der Werte /  |c ed. Petr Svoboda ; ed. Martin Šolc 
246 3 1 |b konferencia Panelová sídliště - revitalizace vs. ochrana hodnot, 17.4.2019, Brno  
250 |a 1. vydanie 
260 |a Brno :  |b Národní památkový ústav,  |c 2019 
300 |a 96 s. 
650 0 7 |a sídliská panelové 
650 0 7 |a bytové domy 
650 0 7 |a obytné budovy 
650 0 7 |a obnova pamiatok 
650 0 7 |a revitalizácia 
700 1 |a Šolc, Martin  |4 edt 
996 |b 284AU08253  |c A* 11519/U  |l AAKNAR  |s A  |a 24  |w 0079377_0001 
996 |b 284AU08252  |c A* 11518/U  |l AAKNAR  |s A  |a 24  |w 0079377_0002 
996 |b 284AU08251  |c A* 11517/U  |l AAKNST  |s P  |a 0  |w 0079377_0003 
996 |b 284AU08256  |c A* 11522/U  |l AAKNAR  |s A  |a 24  |w 0079377_0004 
996 |b 284AU08257  |c A* 11523/U  |l AAKNAR  |s A  |a 24  |w 0079377_0005 
996 |b 284AU08258  |c A* 11524/U  |l AAKNAR  |s A  |a 24  |w 0079377_0006 
996 |b 284AU08259  |c A* 11525/U  |l AAKNAR  |s A  |a 24  |w 0079377_0007 
996 |b 284AU08260  |c A* 11526/U  |l AAKNAR  |s A  |a 24  |w 0079377_0008 
996 |b 284AU08254  |c A* 11520/U  |l AAKNAR  |s A  |a 24  |w 0079377_0009 
996 |b 284AU08255  |c A* 11521/U  |l AAKNAR  |s A  |a 24  |w 0079377_0010 
996 |b 284AU08261  |c A* 11527/U  |l AAKNAR  |s A  |a 24  |w 0079377_0011 
996 |b 284AU08266  |c A* 11532/U  |l AAKNAR  |s A  |a 24  |w 0079377_0012 
996 |b 284AU08265  |c A* 11531/U  |l AAKNAR  |s A  |a 24  |w 0079377_0013 
996 |b 284AU08262  |c A* 11528/U  |l AAKNAR  |s A  |a 24  |w 0079377_0014 
996 |b 284AU08263  |c A* 11529/U  |l AAKNAR  |s A  |a 24  |w 0079377_0015 
996 |b 284AU08264  |c A* 11530/U  |l AAKNAR  |s A  |a 24  |w 0079377_0016